|
|
|
|
| LEADER |
02232nam a2200577 i 4500 |
| 001 |
nkc20213374509 |
| 003 |
CZ PrNK |
| 005 |
20220118153515.0 |
| 007 |
ta |
| 008 |
211112s2021 xr a b f 000 0 spa |
| 015 |
|
|
|a cnb003374509
|
| 020 |
|
|
|a 978-80-00-06423-9
|q (Albatros ;
|q vázáno)
|
| 035 |
|
|
|a (OCoLC)1296108195
|
| 040 |
|
|
|a BOA001
|b cze
|d ABA001
|e rda
|
| 041 |
1 |
|
|a spa
|h cze
|
| 072 |
|
7 |
|a 94(100)
|x Světové dějiny
|2 Konspekt
|9 8
|
| 072 |
|
7 |
|a 0/9-053.2
|x Literatura pro děti a mládež (naučná)
|2 Konspekt
|9 26
|
| 080 |
|
|
|a 94(100)
|2 MRF
|
| 080 |
|
|
|a (0.062)
|2 MRF
|
| 080 |
|
|
|a (084.11)
|2 MRF
|
| 080 |
|
|
|a (0.053.2)
|2 MRF
|
| 100 |
1 |
|
|a Sekaninová, Štěpánka
|7 ola2017959546
|4 aut
|
| 245 |
1 |
0 |
|a Eventos inolvidables /
|c Štěpánka Sekaninová & Anastasia Stročkova ; traducción: Enrique Gutiérez Rubio
|
| 264 |
|
1 |
|a Praga :
|b Albatros,
|c 2021
|
| 300 |
|
|
|a 51 stran :
|b barevné ilustrace ;
|c 33 cm
|
| 336 |
|
|
|a text
|b txt
|2 rdacontent
|
| 336 |
|
|
|a statický obraz
|b sti
|2 rdacontent
|
| 337 |
|
|
|a bez média
|b n
|2 rdamedia
|
| 338 |
|
|
|a svazek
|b nc
|2 rdacarrier
|
| 500 |
|
|
|a Přeloženo z češtiny
|
| 500 |
|
|
|a Obálkový podnázev: del origen de la humanidad a la caída del Muro de Berlin
|
| 500 |
|
|
|a Ilustrace Anastasia Stročkova
|
| 500 |
|
|
|a Pro nakladatelství Albatros ve společnosti Albatros Media a.s. připravilo nakladatelství B4U Publishing
|
| 650 |
0 |
7 |
|a světové dějiny
|7 ph117271
|2 czenas
|
| 650 |
0 |
9 |
|a world history
|2 eczenas
|
| 655 |
|
7 |
|a populárně-naučné publikace
|7 fd131864
|2 czenas
|
| 655 |
|
7 |
|a obrazové publikace
|7 fd132947
|2 czenas
|
| 655 |
|
7 |
|a publikace pro děti
|7 fd133156
|2 czenas
|
| 655 |
|
9 |
|a popular works
|2 eczenas
|
| 655 |
|
9 |
|a pictorial works
|2 eczenas
|
| 655 |
|
9 |
|a children's literature
|2 eczenas
|
| 700 |
1 |
|
|a Stročkova, Anastasia,
|d 1988-
|7 xx0147256
|4 ill
|
| 700 |
1 |
|
|a Gutiérrez Rubio, Enrique,
|d 1976-
|7 mzk2013796370
|4 trl
|
| 910 |
2 |
|
|a BOA001
|b 4-1476.490
|
| 928 |
9 |
|
|a Albatros Media - Albatros
|
| 928 |
9 |
|
|a Albatros Media - B4U Publishing
|
| 928 |
9 |
|
|a B4U Publishing
|
| 990 |
|
|
|a BK
|
| 995 |
|
|
|a 01
|
| 991 |
|
|
|b 202112
|c NOV
|
| 996 |
6 |
|
|b 2610886332
|c 4-1476.490
|l MZK
|r Sklad / do 1 hodiny
|n 0
|p p.v.
|w 001869686
|u 000010
|a 1
|e BOA001
|j MZK50
|s P
|